000 00443nam a2200181Ia 4500
001 15328
005 20260306170148.0
008 260306t2006||||xx |||||||||||||| ||und||
041 _aESP
082 _a532
_bC46
100 _aÇengel , Yunus A.
_eAUT
245 0 _aMecánica de fluidos:
_bfundamentos y aplicaciones
260 _c2006
300 _a955 páginas :
_c27 cm.
650 _aGEN
654 _aCCN
942 _cLIB
_dJUS
_fJUS
_2ddc
_n
999 _c15328
_d15328